000 00572nam a2200229Ia 4500
003 OSt
005 20220918173852.0
006 a|||||r|||| 00| 0
007 ta
008 220917b |||||||| |||| 00| 0 eng d
024 _a8,770
037 _cTextual
040 _aARTS
_cARTS
_beng
041 _2eng
_aeng
082 _a902, 122H9
100 _aRenou Louis
_947956
245 0 _aL'Inde classique
_b Manuel des etudes Indiennes
260 _c1942
650 _aGENERALIA
942 _h902, 122H9
_cTEXL
_2CC
999 _c150518
_d150518